| 000 | 00000nam##2200000za#4500 |
| 001 | 9.622403 |
| 003 | CaOODSP |
| 005 | 20200327172154 |
| 007 | ta |
| 008 | 150406|1994||||xxc||||| f|0| 0 fre|d |
| 020 | |a0-662-98745-4 |
| 040 | |aCaOODSP|bfre |
| 043 | |an-cn--- |
| 086 | 1 |aCi95-52/2-1993F |
| 110 | 1 |aCanada.|bPatrimoine canadien. |bMulticulturalisme. |
| 245 | 13|aLe film, la vidéo et la photographie au Canada|cpar Atom Egoyan et al. |
| 260 | |aOttawa - Ontario : |bPatrimoine canadien. |c1994. |
| 300 | |av, 45p. : |bréférences ; |c28 cm. |
| 490 | 1 |aInfo-Arts |
| 563 | |aCouverture souple |
| 590 | |a94-15|b1994-04-15 |
| 691 | 07|aArts|2gcpds |
| 691 | 07|aArtisanat|2gcpds |
| 691 | 07|aArts populaires|2gcpds |
| 720 | 1 |aEgoyan, Atom |
| 776 | 0#|tLe film, la vidéo et la photographie au Canada|w(CaOODSP)9.607308 |
| 830 | #0|aInfo-Arts.|w(CaOODSP)9.512906 |